000 00707nam a2200241 a 4500
001 79787
003 BD-RjUL
005 20220512105340.0
008 220512r19571950enk b 001 0 eng d
035 _a(BD-RjUL)79787
040 _aBD-RjUL
_beng
_cBD-RjUL
041 _aeng
082 _223
_a539.14
_bJOA 1957
100 1 _aJohnson, R. C.
_q(Rodney C.)
_92955
245 1 0 _aAtomic spectra /
_cby R.C. Johnson.
250 _a2nd ed.
260 _aLondon :
_bMethuen,
_c1950 [reprinted 1957]
300 _aviii, 120 p. :
_bill. ;
_c17 cm.
504 _aIncludes bibliography and index.
650 0 _aAtomic spectra.
_92956
830 0 _aMethuen's monographs on physical subjects
_92957
942 _2ddc
_cBK
999 _c79787
_d79787